000 00769nam a2200229 a 4500
001 000024099
005 20250612104112.0
008 110118s1977 ve r 000 0 spa d
040 _aDO-SdBNP
_bspa
_cBNPHU
082 _a150.195
_bA663m
100 1 _aAray, Julio,
_d1935-
_949494
245 1 0 _aManías tristes :
_bperspectiva psicoanalítica /
_cJulio Aray ; prólogo Arnaldo Rascovsky.
260 _aCaracas, Venezuela :
_bMonte Ávila Editores,
_c1977.
300 _a215, [2] p. ;
_c22 cm.
490 1 _aLas ideas
504 _aIncluye referencias bibliográficas
650 4 _aPsicoanálisis
_xEnsayos, conferencias, etc.
_949504
650 0 _aMente y cuerpo
_92740
700 1 _aRascovsky, Arnaldo
_epról.
_949505
830 0 _aLas ideas
_935217
049 _aBNGR
999 _c23594
_d23594